000 00686nam a2200241Ia 4500
003 OSt
005 20220926044529.0
006 a|||||r|||| 00| 0
007 ta
008 220923b |||||||| |||| 00| 0 eng d
037 _cGeneral Book
040 _aRTL
_cRTL
_beng
041 _2eng
_aeng
082 _aV2:1.N47, J5.1-J5.6,J4.1;1
110 _aCambridg
_9349133
245 0 _aCambridge history of India
260 _c1954
490 _vV1
_aWith Addition Chapeters On The Last Phase, 1919-1947 by R. R. Sethi
650 _aIndian History
700 _aCambridg
_9349134
942 _hV2:1.N47, J5.1-J5.6,J4.1;1
_cGB
_2CC
999 _c675128
_d675128